| 000 | 00563cam a22002171 4500 | ||
|---|---|---|---|
| 001 | sa 63002659 | ||
| 003 | DLC | ||
| 005 | 20260227111935.0 | ||
| 008 | 891214s1962 ii 000 0 hino | ||
| 010 | _asa 63002659 | ||
| 035 | _a(OCoLC)20783136 | ||
| 040 |
_aDLC _cWaU _dDLC |
||
| 042 | _apremarc | ||
| 050 | 0 | 0 |
_aPK2042 _b.L3 |
| 100 | 1 |
_aLāla, Lakshmī Nārāyaṇa, _d1927-1987. |
|
| 245 | 1 | 0 | _aĀdhunika Hindī kahānī. |
| 260 | _c[1962] | ||
| 300 |
_a112 p. _c19 cm. |
||
| 500 | _aIn Hindi. | ||
| 650 | 0 |
_aShort stories, Hindi _xHistory and criticism. |
|
| 999 |
_c54590 _d54590 |
||